Widok standardowy
Widok MARC
Pozycja Personal Name
Liczba rekordów, w których użyto hasła: 1
001 - Numer kontrolny
- control field: 39647
003 - Identyfikator numeru kontrolnego
- control field: NUKAT
005 - Data i czas ostatniej modyfikacji
- control field: 20260408124639.0
008 - Dane kontrolne kodowane (40 znaków)
- fixed length control field: 010109n||a|znnaabn |a aaa |c
010 ## - Numer kontrolny Biblioteki Kongresu
- numer kontrolny LC: n 01050162
024 7# - OTHER STANDARD IDENTIFIER
- Standard number or code: 169207175
- Source of number or code: viaf
024 7# - OTHER STANDARD IDENTIFIER
- Standard number or code: 0000000385319418
- Source of number or code: isni
024 7# - OTHER STANDARD IDENTIFIER
- Standard number or code: Q111396947
- Source of number or code: wikidata
040 ## - Instytucja sporządzająca rekord
- inst. przygot. dane do rek. khw: WR O/JG
- język haseł przedmiotowych/tezaurus: kaba
- inst. wprow. rek. khw: WR O/JG
- inst. modyf. rek. khw: SZCZ M/HS
046 ## - Special dates
- Birth date: 1973
100 1# - Hasło - nazwa osobowa
- nazwa osobowa w formie ujednoliconej: Krzysztofiński, Mariusz
- daty biograficzne: (1973- ).
372 ## - Field of activity
- Field: Historia.
- Auth control #: http://nukat.edu.pl/aut/s 94205867
- Source of term: kaba
374 ## - Occupation
- Occupation: Historycy.
- Auth control #: http://nukat.edu.pl/aut/s 94205772
- Source of term: kaba
670 ## - Źródło informacji
- źródło informacji: Kp. Polskie Państwo Podziemne w Sandomierskiem 1939-1945 / [tekst kat. Mariusz Krzysztofiński]. - Sandomierz, [1999].
670 ## - Źródło informacji
- źródło informacji: Powiat przemyski w latach 1944-1956 / pod red. Krzysztofa Kaczmarskiego i Mariusza Krzysztofińskiego. - Przemyśl ; Rzeszów, 2006.
- gdzie znaleziono informację: Biogram